[Event "53rd World U20 ch"]
[Site "Pune IND"]
[Date "2014.10.11"]
[Round "6.35"]
[White "Siva, Mahadevan"]
[Black "Beradze, Irakli"]
[Result "0-1"]
[WhiteElo "2141"]
[BlackElo "2318"]
[EventDate "2014.10.06"]
[PlyCount "116"]

1.e4 e6 2.d4 d5 3.Nd2 Nf6 4.e5 Nfd7 5.c3 c5 6.Bd3 Nc6 7.Ngf3 Be7 8.O-O O-O
9.Re1 Re8 10.Nf1 cxd4 11.cxd4 Nf8 12.Bd2 Bd7 13.Ne3 b5 14.Rc1 Qb6 15.Nc2 
a5 16.Bg5 b4 17.Bxe7 Nxe7 18.Ne3 Rec8 19.Qd2 Rxc1 20.Rxc1 Rc8 21.Re1 Qd8 
22.h4 h6 23.h5 Nf5 24.Nxf5 exf5 25.Qf4 Rc6 26.g3 Ne6 27.Qe3 Nf8 28.Nh4 Qc8
29.Qf3 Rc1 30.Qe3 Rxe1+ 31.Qxe1 g6 32.hxg6 fxg6 33.f4 Qc6 34.Kf2 Qb6 35.
Ke3 Ne6 36.Nf3 Kg7 37.Qc1 Qa7 38.Qc2 a4 39.Qd2 Qb6 40.Bc2 Qb5 41.Qd3 Qb6 
42.g4 Nf8 43.gxf5 Bxf5 44.Qd1 Bg4 45.Qd3 Bf5 46.Qd2 Bd7 47.Qg2 a3 48.bxa3 
bxa3 49.Bb3 Bf5 50.Qd2 Be4 51.Qc1 Bxf3 52.Kxf3 Ne6 53.Bxd5 Nxd4+ 54.Ke4 
Nf5 55.Qc3 Qb1+ 56.Qd3 Qe1+ 57.Kf3 h5 58.Qe2 Nd4+ 0-1

[Event "53rd World U20 ch"]
[Site "Pune IND"]
[Date "2014.10.11"]
[Round "6.36"]
[White "Vokhidov, Shamsiddin"]
[Black "Lokesh, P."]
[Result "1-0"]
[WhiteElo "2119"]
[BlackElo "2303"]
[EventDate "2014.10.06"]
[PlyCount "59"]

1.e4 c5 2.Nf3 d6 3.d4 cxd4 4.Nxd4 Nf6 5.Nc3 Nc6 6.Bg5 e6 7.Qd2 a6 8.O-O-O 
h6 9.Nxc6 bxc6 10.Bf4 d5 11.Qe3 Qa5 12.Be2 Bb4 13.Be5 Be7 14.exd5 cxd5 15.
h4 Bb7 16.Rh3 Qc5 17.Qf4 Rc8 18.Rg3 Rg8 19.Kb1 Kf8 20.Rf3 Qc6 21.g4 g5 22.
hxg5 hxg5 23.Qh2 Nxg4 24.Rxf7+ Kxf7 25.Qh5+ Kf8 26.Bxg4 Ra8 27.Qh6+ Ke8 
28.Bxe6 Rf8 29.Qh5+ Kd8 30.Bxd5 1-0

[Event "53rd World U20 ch"]
[Site "Pune IND"]
[Date "2014.10.11"]
[Round "6.37"]
[White "Manigandan, S. S."]
[Black "Puranik, Abhimanyu"]
[Result "0-1"]
[WhiteElo "2099"]
[BlackElo "2269"]
[EventDate "2014.10.06"]
[PlyCount "54"]

1.d4 Nf6 2.c4 g6 3.Nc3 d5 4.cxd5 Nxd5 5.e4 Nxc3 6.bxc3 Bg7 7.Nf3 O-O 8.Rb1
c5 9.Be2 cxd4 10.cxd4 Qa5+ 11.Bd2 Qxa2 12.O-O Bg4 13.Bg5 h6 14.Bxe7 Re8 
15.Rxb7 Nd7 16.Bb4 Rxe4 17.h3 Rxe2 18.hxg4 Nf6 19.Ne5 Nd5 20.Bc5 Ne3 21.
Qd3 Qd5 22.Nf3 Nxf1 23.Rb1 Ng3 24.fxg3 Rae8 25.Bxa7 Qa2 26.Bc5 Rxg2+ 27.
Kh1 Rxg3 0-1

[Event "53rd World U20 ch"]
[Site "Pune IND"]
[Date "2014.10.11"]
[Round "6.38"]
[White "Viani D`Cunha, Antonio"]
[Black "Praggnanandhaa, R."]
[Result "1-0"]
[WhiteElo "2257"]
[BlackElo "1836"]
[EventDate "2014.10.06"]
[PlyCount "127"]

1.e4 e5 2.Nf3 Nc6 3.Bc4 Be7 4.O-O d6 5.d4 exd4 6.Nxd4 Ne5 7.Bb3 Nf6 8.Nc3 
O-O 9.f4 Ng6 10.h3 c5 11.Nf3 Qc7 12.Qe2 Bd7 13.f5 Ne5 14.Nxe5 dxe5 15.g4 
b5 16.Bd5 Nxd5 17.Nxd5 Qd8 18.Be3 f6 19.Rfd1 Rc8 20.a4 bxa4 21.Qa6 Kh8 22.
Rd2 Bc6 23.Qxa7 Bd6 24.Qa6 Qe8 25.Nb6 Rd8 26.Rad1 Be7 27.Rxd8 Bxd8 28.Bxc5
Be7 29.Qc4 Bxc5+ 30.Qxc5 Bxe4 31.Rd7 Rg8 32.Qc7 h5 33.Kf2 Bh1 34.Ke3 Bg2 
35.Kf2 Bxh3 36.Nd5 Qf8 37.Ne7 Kh7 38.Nxg8 Qxg8 39.Kg3 Bxg4 40.Rd8 Qa2 41.
Qc8 Kh6 42.Kh4 Bxf5 43.Qxf5 Qc4+ 44.Kg3 g6 45.Qxf6 Qg4+ 46.Kf2 Qf4+ 47.
Qxf4+ exf4 48.Kf3 g5 49.Rd6+ Kg7 50.c4 Kf7 51.c5 Ke7 52.Rg6 Kd7 53.Rxg5 
Kc6 54.Rxh5 Kb5 55.Kxf4 Kc6 56.Ke4 Kb5 57.Kd4 Kc6 58.Rh6+ Kc7 59.Kd5 Kd7 
60.Rh7+ Ke8 61.c6 Kf8 62.c7 Kg8 63.Rd7 a3 64.c8=Q# 1-0

[Event "53rd World U20 ch"]
[Site "Pune IND"]
[Date "2014.10.11"]
[Round "6.39"]
[White "Chaithanyaa, K. G."]
[Black "Gahan, M. G."]
[Result "0-1"]
[WhiteElo "2029"]
[BlackElo "2252"]
[EventDate "2014.10.06"]
[PlyCount "122"]

1.e4 c5 2.Nf3 e6 3.d4 cxd4 4.Nxd4 a6 5.Nc3 Qc7 6.Bd3 Nf6 7.O-O Bc5 8.Nf3 
Nc6 9.Bg5 Ng4 10.Bh4 d6 11.Qd2 f6 12.Bc4 b5 13.Bb3 Bd7 14.a4 b4 15.Ne2 O-O
16.Nf4 Rfe8 17.Nd3 Qb7 18.Rad1 Rad8 19.Nxc5 dxc5 20.Qd6 c4 21.Bxc4 Nce5 
22.Nxe5 Nxe5 23.Bxa6 Qa8 24.Bd3 b3 25.Qa3 Bxa4 26.cxb3 Nxd3 27.bxa4 Qxe4 
28.Bg3 Qe2 29.b3 f5 30.Bc7 Rd5 31.Ra1 f4 32.Qa2 f3 33.Bg3 Qe4 34.gxf3 Qxf3
35.Qd2 Nc5 36.Qe3 Qxe3 37.fxe3 Nxb3 38.Ra3 Nd2 39.Rf4 e5 40.Rb4 Ra8 41.Kg2
e4 42.Rc3 Rad8 43.Rc7 Rg5 44.Rcb7 h5 45.R7b5 Rg4 46.Rxh5 Nf3 47.Rc5 Rd3 
48.Kh3 Rg6 49.Rb8+ Kh7 50.Rh5+ Rh6 51.Rxh6+ Kxh6 52.Kg4 g5 53.a5 Rxe3 54.
a6 Ra3 55.Rb6+ Kg7 56.Kf5 e3 57.Rb7+ Kh6 58.Bd6 Nh4+ 59.Kg4 Ra4+ 60.Rb4 e2
61.Rxa4 e1=Q 0-1

[Event "53rd World U20 ch"]
[Site "Pune IND"]
[Date "2014.10.11"]
[Round "6.40"]
[White "Chakravarthi Reddy, M."]
[Black "Doluweera, Minul Sanjula"]
[Result "1-0"]
[WhiteElo "2217"]
[BlackElo "1827"]
[EventDate "2014.10.06"]
[PlyCount "73"]

1.d4 Nf6 2.Nf3 e6 3.g3 b5 4.Bg2 Bb7 5.O-O c5 6.a4 b4 7.a5 Na6 8.Nbd2 Be7 
9.Re1 d6 10.e4 cxd4 11.Nxd4 O-O 12.N2b3 Rc8 13.Nb5 Qd7 14.N3d4 Rc5 15.Qe2 
Nc7 16.c4 a6 17.Nb3 axb5 18.Nxc5 dxc5 19.e5 Nfd5 20.cxd5 Bxd5 21.Be3 Qc6 
22.f3 Bc4 23.Qf2 Nd5 24.f4 Qc7 25.Bd2 Ra8 26.Qf3 b3 27.f5 exf5 28.Qxf5 Ra6
29.e6 fxe6 30.Rxe6 Qd7 31.Re5 Qxf5 32.Rxf5 Nf6 33.Bb7 Ra7 34.a6 Kf7 35.Be3
Ke6 36.Rxc5 Bd5 37.Rxd5 1-0

[Event "53rd World U20 ch"]
[Site "Pune IND"]
[Date "2014.10.11"]
[Round "6.41"]
[White "Gandhi, Anish"]
[Black "Rakesh, Kumar Jena"]
[Result "0-1"]
[WhiteElo "2068"]
[BlackElo "2164"]
[EventDate "2014.10.06"]
[PlyCount "64"]

1.d4 e6 2.c4 f5 3.Nf3 Nf6 4.e3 Be7 5.Bd3 b6 6.Nc3 Bb7 7.Qc2 O-O 8.e4 fxe4 
9.Nxe4 Bxe4 10.Bxe4 Bb4+ 11.Bd2 Bxd2+ 12.Nxd2 d5 13.Bf3 Nc6 14.Nb3 e5 15.
O-O e4 16.Be2 Kh8 17.Rac1 Ne7 18.cxd5 Nexd5 19.Rfe1 Qd6 20.Nd2 Rae8 21.Nc4
Qf4 22.Qd2 Qf5 23.Ne3 Qg5 24.Nf1 e3 25.fxe3 Ne4 26.Qd3 Nf2 27.Qa3 Nh3+ 28.
Kh1 Rf2 29.Ng3 Nxe3 30.Bb5 Qd5 31.Bc6 Rxg2 32.Qxe3 Rg1# 0-1

[Event "53rd World U20 ch"]
[Site "Pune IND"]
[Date "2014.10.11"]
[Round "6.43"]
[White "Nasanjargal, Urtnasan"]
[Black "Gajwa, Ankit"]
[Result "1/2-1/2"]
[WhiteElo "2330"]
[BlackElo "2110"]
[EventDate "2014.10.06"]
[PlyCount "96"]

1.e4 c5 2.Nf3 d6 3.d4 cxd4 4.Nxd4 Nf6 5.Nc3 g6 6.Be3 Bg7 7.f3 O-O 8.Qd2 
Nc6 9.Bc4 Bd7 10.O-O-O Rb8 11.Kb1 Na5 12.Bb3 b5 13.g4 Nc4 14.Bxc4 bxc4 15.
Ka1 Qa5 16.Rb1 Rb6 17.Bh6 Bxh6 18.Qxh6 Rc8 19.h4 Rxb2 20.Rxb2 Qxc3 21.Rd1 
e5 22.Nf5 Bxf5 23.gxf5 Qxf3 24.Rxd6 Nxe4 25.fxg6 hxg6 26.Rxg6+ fxg6 27.
Qxg6+ Kf8 28.Qh6+ Ke8 29.Qe6+ Kd8 30.Qd5+ Ke8 31.Qg8+ Kd7 32.Qd5+ Ke8 33.
Qxe5+ Kd8 34.Qd5+ Ke8 35.Qg8+ Kd7 36.Qd5+ Ke8 37.Qe6+ Kd8 38.Qg8+ Kd7 39.
Qd5+ Ke8 40.Qe5+ Kd8 41.Qd4+ Ke8 42.Qe5+ Kd8 43.Qd4+ Ke8 44.Qh8+ Kd7 45.
Rb7+ Kd6 46.Qd4+ Ke6 47.Qd7+ Ke5 48.Qxc8 Qc3+ 1/2-1/2

[Event "53rd World U20 ch"]
[Site "Pune IND"]
[Date "2014.10.11"]
[Round "6.44"]
[White "Roshan, Rangarajan"]
[Black "Kozganbay, Erkin"]
[Result "1/2-1/2"]
[WhiteElo "2088"]
[BlackElo "2328"]
[EventDate "2014.10.06"]
[PlyCount "171"]

1.e4 e5 2.Nf3 Nc6 3.d4 exd4 4.Bc4 Nf6 5.O-O Nxe4 6.Re1 d5 7.Bxd5 Qxd5 8.
Nc3 Qh5 9.Nxe4 Be6 10.Bg5 Bd6 11.Nxd6+ cxd6 12.Bf4 Qd5 13.c3 d3 14.Re3 O-O
15.Rxd3 Qb5 16.Bxd6 Rfd8 17.Rd2 Rd7 18.a4 Qf5 19.Nd4 Nxd4 20.Rxd4 Rad8 21.
Qd2 Qg6 22.Re1 h6 23.Bg3 Rxd4 24.cxd4 Qg4 25.Be5 Bd5 26.f3 Qd7 27.a5 Bc6 
28.Bg3 Qd5 29.Bf2 Rd6 30.Qc3 a6 31.Qc5 Qxc5 32.dxc5 Rd2 33.Rb1 g5 34.h3 f5
35.Be1 Rd5 36.b4 Rd3 37.Kf2 Kf7 38.Rb2 f4 39.Rd2 Re3 40.Rd6 h5 41.Bd2 Rb3 
42.Rd4 Ke6 43.Bxf4 gxf4 44.Rxf4 Rb2+ 45.Kg3 Bb5 46.Rh4 Bf1 47.Rxh5 Rxg2+ 
48.Kf4 Rb2 49.Rh6+ Kd7 50.Rb6 Kc7 51.h4 Bb5 52.Re6 Rxb4+ 53.Re4 Rb1 54.h5 
Rg1 55.h6 Kc6 56.Re7 Bd3 57.Rg7 Re1 58.Rf7 Rg1 59.Rg7 Re1 60.Rf7 Re6 61.
Kg5 Re5+ 62.Kg4 Rxc5 63.h7 Bxh7 64.Rxh7 Rxa5 65.Rh6+ Kc7 66.Rh7+ Kb6 67.
Rh6+ Ka7 68.f4 Ra1 69.f5 Rg1+ 70.Kf4 a5 71.Re6 a4 72.f6 b5 73.Re3 Rg8 74.
Ke4 Kb6 75.f7 Rf8 76.Rf3 a3 77.Rxa3 Rxf7 78.Kd4 b4 79.Ra1 Kb5 80.Kd3 Rc7 
81.Kd2 Rh7 82.Rg1 Ka4 83.Kc2 Rh2+ 84.Kb1 Ka3 85.Rg3+ Ka4 86.Rf3 1/2-1/2

[Event "53rd World U20 ch"]
[Site "Pune IND"]
[Date "2014.10.11"]
[Round "6.45"]
[White "Patil, Pratik"]
[Black "Nihal, Sarin"]
[Result "1/2-1/2"]
[WhiteElo "2231"]
[BlackElo "2018"]
[EventDate "2014.10.06"]
[PlyCount "73"]

1.e4 c5 2.c3 d5 3.exd5 Qxd5 4.d4 Nf6 5.Nf3 e6 6.Be3 cxd4 7.cxd4 Bb4+ 8.Nc3
O-O 9.Bd3 b6 10.O-O Bxc3 11.bxc3 Ba6 12.Bxa6 Nxa6 13.Qe2 Nb8 14.c4 Qe4 15.
Ne5 Nbd7 16.Nxd7 Nxd7 17.a4 Rac8 18.a5 e5 19.Rfd1 exd4 20.Rxd4 Qe6 21.Rdd1
Rfe8 22.axb6 Nxb6 23.Qf3 Rxc4 24.Rxa7 Nd5 25.Ra3 Re4 26.Rad3 Nxe3 27.Rxe3 
Rxe3 28.Qxe3 Qxe3 29.fxe3 f6 30.Kf2 Kf7 31.Kf3 Ke6 32.Ra1 Rd8 33.Ra7 Rd7 
34.Ra6+ Rd6 35.Ra7 Rd7 36.Ra6+ Rd6 37.Ke4 1/2-1/2

[Event "53rd World U20 ch"]
[Site "Pune IND"]
[Date "2014.10.11"]
[Round "6.46"]
[White "Sudarshan, Malga"]
[Black "Rindlisbacher, Jan"]
[Result "1/2-1/2"]
[WhiteElo "2007"]
[BlackElo "2217"]
[EventDate "2014.10.06"]
[PlyCount "51"]

1.c4 Nf6 2.Nc3 e5 3.g3 g6 4.Bg2 Bg7 5.e4 O-O 6.Nge2 d6 7.d3 Be6 8.O-O c6 
9.f4 exf4 10.Nxf4 Nbd7 11.h3 Ne5 12.Be3 c5 13.Qd2 a6 14.a4 Rb8 15.b3 Bd7 
16.Nfe2 Bc6 17.Bg5 Ned7 18.Rf2 Qe8 19.Raf1 Qe5 20.Bf4 Qe7 21.Bg5 Qe5 22.
Bf4 Qe7 23.Bg5 Qe5 24.Bf4 Qe7 25.Bg5 Qe5 26.Bf4 1/2-1/2

[Event "53rd World U20 ch"]
[Site "Pune IND"]
[Date "2014.10.11"]
[Round "6.47"]
[White "Muthaiah, A. L."]
[Black "Aradhya, Garg"]
[Result "1-0"]
[WhiteElo "2215"]
[BlackElo "2068"]
[EventDate "2014.10.06"]
[PlyCount "57"]

1.d4 d5 2.Nc3 Nf6 3.Bg5 c5 4.Bxf6 gxf6 5.e4 dxe4 6.dxc5 Qa5 7.Qh5 Nd7 8.
Bb5 a6 9.Bxd7+ Bxd7 10.O-O-O O-O-O 11.g4 Bc6 12.Nge2 Bg7 13.Nd4 Rxd4 14.
Rxd4 f5 15.Rc4 e3 16.f3 Bd5 17.Ra4 Bxc3 18.Rxa5 Bxa5 19.c3 e6 20.gxf5 Bc7 
21.Qg4 h5 22.Qd4 Rg8 23.Qxe3 Rg2 24.Kb1 Bd8 25.Rg1 Bg5 26.Qxg5 Rxg5 27.
Rxg5 Bxf3 28.fxe6 fxe6 29.Kc2 1-0

[Event "53rd World U20 ch"]
[Site "Pune IND"]
[Date "2014.10.11"]
[Round "6.48"]
[White "Megalios, Konstantinos"]
[Black "Rakesh, Kumar Nayak"]
[Result "1-0"]
[WhiteElo "2196"]
[BlackElo "2057"]
[EventDate "2014.10.06"]
[PlyCount "77"]

1.d4 d5 2.c4 c6 3.cxd5 cxd5 4.Bf4 Nf6 5.Nc3 Nc6 6.e3 e6 7.Bd3 Bb4 8.h3 Bd7
9.Nf3 O-O 10.O-O a6 11.Rc1 Rc8 12.a3 Bxc3 13.Rxc3 Qe7 14.Qc2 h6 15.Rc1 Nh5
16.Bh2 f5 17.Ne5 Nxe5 18.Bxe5 Nf6 19.f3 Bc6 20.Bxa6 Rcd8 21.Qb3 Qd7 22.Qb6
Rc8 23.b4 Qf7 24.Bxf6 gxf6 25.Bd3 Kh8 26.b5 Rg8 27.bxc6 Rxg2+ 28.Kxg2 Rg8+
29.Kf2 Qg6 30.Bf1 Qg3+ 31.Ke2 Qh2+ 32.Kd3 e5 33.R3c2 e4+ 34.fxe4 fxe4+ 35.
Kc3 Qd6 36.Qc5 Qc7 37.Kb2 bxc6 38.Qxc6 Rb8+ 39.Ka2 1-0

[Event "53rd World U20 ch"]
[Site "Pune IND"]
[Date "2014.10.11"]
[Round "6.49"]
[White "Ronka, Erik"]
[Black "Arjun, Satheesh"]
[Result "1/2-1/2"]
[WhiteElo "2183"]
[BlackElo "2004"]
[EventDate "2014.10.06"]
[PlyCount "97"]

1.d4 Nf6 2.c4 g6 3.f3 Bg7 4.e4 d6 5.Nc3 O-O 6.Be3 e5 7.Nge2 c6 8.Qd2 Nbd7 
9.d5 cxd5 10.cxd5 a6 11.g4 b5 12.Ng3 Nc5 13.b4 Na4 14.Nxa4 bxa4 15.h4 Bd7 
16.g5 Nh5 17.Nxh5 gxh5 18.Rc1 f5 19.Be2 fxe4 20.fxe4 Bg4 21.Bxg4 hxg4 22.
Qe2 Rf3 23.Kd2 Qd7 24.Rhf1 a3 25.Rxf3 gxf3 26.Qxf3 Qb5 27.Qf5 Qxb4+ 28.Ke2
Qb5+ 29.Kf2 Qb7 30.Qe6+ Kh8 31.Kg1 Rf8 32.Rf1 Rxf1+ 33.Kxf1 Bf8 34.Qf6+ 
Kg8 35.Qe6+ Kh8 36.Qe8 Qb1+ 37.Kf2 Qc2+ 38.Kg3 Kg8 39.Qe6+ Kg7 40.Qf6+ Kg8
41.g6 hxg6 42.Qxg6+ Kh8 43.Bg5 Qd3+ 44.Kg4 Bg7 45.h5 Qf1 46.Qe8+ Kh7 47.
Qg6+ Kh8 48.Qe8+ Kh7 49.Qg6+ 1/2-1/2

[Event "53rd World U20 ch"]
[Site "Pune IND"]
[Date "2014.10.11"]
[Round "6.50"]
[White "Swain, Ashirwad"]
[Black "Yashas, D."]
[Result "1-0"]
[WhiteElo "1998"]
[BlackElo "2159"]
[EventDate "2014.10.06"]
[PlyCount "105"]

1.e4 c5 2.Nc3 Nc6 3.f4 g6 4.Nf3 Bg7 5.Bb5 Nd4 6.O-O Nxb5 7.Nxb5 d5 8.e5 a6
9.Nc3 d4 10.Ne4 Qd5 11.d3 Bf5 12.Qe2 f6 13.b4 c4 14.Nd6+ exd6 15.exf6+ Kf8
16.fxg7+ Kxg7 17.dxc4 Qe6 18.Re1 Qxe2 19.Rxe2 Bg4 20.Bb2 Bxf3 21.Bxd4+ Kf7
22.gxf3 Nf6 23.Bxf6 Kxf6 24.Rd1 Rhd8 25.Red2 Kf5 26.Rd5+ Ke6 27.c5 Rac8 
28.Kf2 Rc7 29.Rxd6+ Rxd6 30.Rxd6+ Kf5 31.Rd4 Re7 32.c3 h5 33.a4 Rc7 34.Ke3
h4 35.Rd5+ Kf6 36.b5 axb5 37.axb5 h3 38.Kf2 Ke6 39.c4 Kf6 40.Kg3 Re7 41.
Kxh3 Re3 42.Kg4 Rc3 43.Rd6+ Ke7 44.Rxg6 Rxc4 45.c6 bxc6 46.Rxc6 Rb4 47.b6 
Kd7 48.Rh6 Rb1 49.f5 Rg1+ 50.Kf4 Rb1 51.b7 Kc7 52.Rh7+ Kb8 53.f6 1-0

[Event "53rd World U20 ch"]
[Site "Pune IND"]
[Date "2014.10.11"]
[Round "6.51"]
[White "Iniyan, P."]
[Black "Raja, Harshit"]
[Result "1-0"]
[WhiteElo "2151"]
[BlackElo "2000"]
[EventDate "2014.10.06"]
[PlyCount "55"]

1.d4 Nf6 2.c4 e6 3.Nc3 Bb4 4.a3 Bxc3+ 5.bxc3 c5 6.e3 b6 7.Bd3 Nc6 8.Ne2 
O-O 9.e4 Ne8 10.O-O Ba6 11.Ng3 cxd4 12.cxd4 Nxd4 13.Bb2 Nc6 14.e5 d5 15.
exd6 Qxd6 16.Qf3 f5 17.Rad1 Qc5 18.Rfe1 Nc7 19.Nh5 e5 20.Nxg7 Kxg7 21.Qg3+
Kf6 22.Qh4+ Kg7 23.Qg3+ Kf6 24.Qh3 Ke6 25.Qxh7 Qe7 26.Qg6+ Qf6 27.Bxf5+ 
Ke7 28.Rd7# 1-0

[Event "53rd World U20 ch"]
[Site "Pune IND"]
[Date "2014.10.11"]
[Round "6.52"]
[White "Fong Yit San"]
[Black "Kumar, Gaurav"]
[Result "1-0"]
[WhiteElo "2149"]
[BlackElo "1945"]
[EventDate "2014.10.06"]
[PlyCount "115"]

1.e4 c5 2.Nf3 Nc6 3.d4 cxd4 4.Nxd4 Nf6 5.Nc3 e5 6.Ndb5 d6 7.Bg5 a6 8.Na3 
b5 9.Nd5 Be7 10.Bxf6 Bxf6 11.c4 b4 12.Nc2 O-O 13.g3 a5 14.Bg2 Bg5 15.O-O 
Be6 16.f4 Bf6 17.Nxf6+ Qxf6 18.b3 Qd8 19.Qd2 f6 20.Kh1 Bf7 21.Bh3 Qc7 22.
Ne3 Nd4 23.Nf5 Nxf5 24.exf5 Rad8 25.Bg2 Qd7 26.Qd3 d5 27.fxe5 fxe5 28.Rad1
d4 29.Rde1 Qd6 30.Be4 Be8 31.g4 h6 32.g5 hxg5 33.Rg1 Qf6 34.Rg2 Bc6 35.
Bxc6 Qxc6 36.Rxe5 Rfe8 37.Rxe8+ Rxe8 38.Kg1 Re1+ 39.Kf2 Re3 40.Qd1 d3 41.
Kxe3 Qxg2 42.Qd2 Qh3+ 43.Ke4 g4 44.Qf2 d2 45.Qxd2 Qf3+ 46.Kd4 Qxf5 47.Qg2 
Qf6+ 48.Kc5 Qf3 49.Qd2 Kh7 50.Kb5 Qa8 51.c5 Kg6 52.Qd6+ Kh5 53.c6 g5 54.c7
Qb7+ 55.Ka4 Qa8 56.Qc5 Qc8 57.Qe7 Qf5 58.Qe8+ 1-0

[Event "53rd World U20 ch"]
[Site "Pune IND"]
[Date "2014.10.11"]
[Round "6.53"]
[White "Mohammad, Ashraf"]
[Black "Vandewiele, Emiel"]
[Result "1-0"]
[WhiteElo "2132"]
[BlackElo "1882"]
[EventDate "2014.10.06"]
[PlyCount "81"]

1.e4 e6 2.d4 d5 3.Nc3 Bb4 4.e5 b6 5.h4 h6 6.h5 a5 7.Qg4 Bf8 8.Rh3 Ba6 9.
Nb5 Qd7 10.a4 Nc6 11.c3 Nd8 12.Bd3 Nb7 13.Qe2 Kd8 14.f4 c6 15.Rf3 Ne7 16.
Nh3 Bxb5 17.axb5 c5 18.b3 g6 19.hxg6 fxg6 20.Be3 Nf5 21.Bf2 Be7 22.g4 Nh4 
23.Bxh4 Bxh4+ 24.Kd1 Qg7 25.f5 Bg5 26.f6 Qf7 27.Qc2 Rg8 28.Nxg5 hxg5 29.
Rh3 cxd4 30.cxd4 Rc8 31.Qh2 Qf8 32.Ke2 Rc3 33.f7 Qxf7 34.Rh7 Rg7 35.Rh8+ 
Kd7 36.Rf1 Qe7 37.Rb8 Nd8 38.Qh8 Rh7 39.Rxd8+ Qxd8 40.Qxh7+ Kc8 41.Qa7 1-0

[Event "53rd World U20 ch"]
[Site "Pune IND"]
[Date "2014.10.11"]
[Round "6.54"]
[White "Ajay Krishna, S"]
[Black "Vignesh, N. R."]
[Result "0-1"]
[WhiteElo "2072"]
[BlackElo "2360"]
[EventDate "2014.10.06"]
[PlyCount "118"]

1.d4 Nf6 2.Nf3 d5 3.g3 Bf5 4.Bg2 e6 5.O-O Be7 6.c4 O-O 7.Qb3 Nc6 8.cxd5 
exd5 9.Bg5 Na5 10.Qc3 Nc4 11.Nbd2 Nd6 12.Qb3 c6 13.Ne5 Re8 14.Rad1 h6 15.
Bf4 Bf8 16.Rfe1 Qb6 17.Qxb6 axb6 18.a3 g5 19.Be3 Ng4 20.Nxg4 Bxg4 21.Rc1 
Bg7 22.h3 Bh5 23.g4 Bg6 24.Red1 f5 25.gxf5 Nxf5 26.Nf1 Ra4 27.b4 b5 28.Rc3
Rea8 29.Bc1 Nxd4 30.Ng3 Nc2 31.Rb3 Nxa3 32.e4 d4 33.f4 gxf4 34.Bxf4 Nc4 
35.Nf5 Bxf5 36.exf5 Ra1 37.Rxa1 Rxa1+ 38.Kh2 Be5 39.Kg3 Kf7 40.Rd3 Ra3 41.
Rxa3 Bxf4+ 42.Kxf4 Nxa3 43.Be4 Kf6 44.Bd3 b6 45.Ke4 c5 46.Bf1 Nc4 47.Be2 
cxb4 48.Kxd4 Kxf5 49.Bg4+ Kf4 50.Bd7 b3 51.Kc3 b2 52.Kc2 Ke3 53.Be6 Kd4 
54.Bd7 Kc5 55.h4 Kb4 56.h5 Ka3 57.Bxb5 Ka2 58.Bxc4+ Ka1 59.Ba2 Kxa2 0-1

[Event "53rd World U20 ch"]
[Site "Pune IND"]
[Date "2014.10.11"]
[Round "6.55"]
[White "Krishna Teja, N."]
[Black "Fisher, William"]
[Result "0-1"]
[WhiteElo "2049"]
[BlackElo "2313"]
[EventDate "2014.10.06"]
[PlyCount "80"]

1.Nf3 d5 2.c4 c6 3.e3 Nf6 4.d4 Bf5 5.Bd3 Bxd3 6.Qxd3 e6 7.O-O Be7 8.Nc3 
O-O 9.e4 dxe4 10.Nxe4 c5 11.Nc3 cxd4 12.Qxd4 Nc6 13.Qxd8 Rfxd8 14.Bg5 h6 
15.Bxf6 Bxf6 16.Ne4 Bxb2 17.Rab1 Bd4 18.Rxb7 Bb6 19.c5 Na5 20.Re7 Kf8 21.
Rxf7+ Kxf7 22.cxb6 axb6 23.g3 Nc4 24.Rc1 b5 25.Rb1 Ra3 26.Kg2 Rdd3 27.Ne1 
Rd4 28.Nc5 Rxa2 29.Rxb5 Rb2 30.Nb3 Rd1 31.Nf3 Rdb1 32.Rc5 Ne3+ 33.Kh3 Rxb3
34.fxe3 Rxe3 35.Nd2 Ra1 36.Nc4 Re2 37.Rc7+ Kg6 38.Nd6 Rh1 39.Ne8 Rhxh2+ 
40.Kg4 h5+ 0-1

[Event "53rd World U20 ch"]
[Site "Pune IND"]
[Date "2014.10.11"]
[Round "6.56"]
[White "Saim, Mohamed Ilias"]
[Black "Sahoo, Utkal Ranjan"]
[Result "0-1"]
[WhiteElo "2040"]
[BlackElo "2170"]
[EventDate "2014.10.06"]
[PlyCount "110"]

1.e4 e6 2.d3 d5 3.Nd2 Nf6 4.Ngf3 Nc6 5.Be2 e5 6.O-O Bc5 7.c3 a5 8.a4 O-O 
9.Qc2 Ba7 10.h3 Nh5 11.Re1 Re8 12.Nf1 dxe4 13.dxe4 Nf4 14.Bb5 Qf6 15.Bxf4 
Qxf4 16.Qd2 Qf6 17.Qe2 Qf4 18.Ne3 Bxe3 19.Qxe3 Qxe3 20.Rxe3 f6 21.Rd1 Be6 
22.Red3 Kf8 23.Nd2 Red8 24.Nc4 Rxd3 25.Rxd3 Bxc4 26.Bxc4 Rd8 27.Rxd8+ Nxd8
28.Kf1 Ke7 29.Ke2 Kd6 30.b4 axb4 31.cxb4 Nc6 32.b5 Na5 33.Bg8 Kc5 34.Bxh7 
Kb4 35.g3 Kxa4 36.b6 c5 37.Bg8 Kb5 38.f4 exf4 39.gxf4 Kxb6 40.h4 Kc7 41.h5
Kd6 42.Ke3 b5 43.Bf7 Nc6 44.Be8 Nd4 45.Bf7 Ne6 46.Bg8 b4 47.Bxe6 Kxe6 48.
Kd3 b3 49.Kd2 c4 50.Kc3 Kf7 51.Kb2 Kg8 52.Kc3 Kh7 53.Kb2 Kh6 54.e5 fxe5 
55.fxe5 Kxh5 0-1

[Event "53rd World U20 ch"]
[Site "Pune IND"]
[Date "2014.10.11"]
[Round "6.57"]
[White "Pastar, Slaven"]
[Black "Deepthamsh, Reddy M."]
[Result "1/2-1/2"]
[WhiteElo "2159"]
[BlackElo "2071"]
[EventDate "2014.10.06"]
[PlyCount "55"]

1.e4 c5 2.Nc3 d6 3.f4 g6 4.Nf3 Bg7 5.Bc4 Nc6 6.O-O Nf6 7.Qe1 O-O 8.Qh4 Nd4
9.d3 Rb8 10.f5 b5 11.Bb3 Nxb3 12.axb3 Rb7 13.Bh6 b4 14.Ne2 Ne8 15.Ng5 f6 
16.Nxh7 g5 17.Qh5 Kxh7 18.Bxg7+ Kxg7 19.Qg6+ Kh8 20.Rf3 Ng7 21.Rh3+ Kg8 
22.Rh7 e6 23.Qh6 exf5 24.Ng3 f4 25.Rh8+ Kf7 26.Rh7 Kg8 27.Rh8+ Kf7 28.Rh7 
1/2-1/2

[Event "53rd World U20 ch"]
[Site "Pune IND"]
[Date "2014.10.11"]
[Round "6.58"]
[White "Taalaibekov, Tagir"]
[Black "Pranavananda, V."]
[Result "0-1"]
[WhiteElo "1948"]
[BlackElo "2136"]
[EventDate "2014.10.06"]
[PlyCount "141"]

1.d4 d5 2.c4 c6 3.Nf3 Nf6 4.e3 Bg4 5.Qb3 Qb6 6.Nbd2 e6 7.Bd3 Nbd7 8.Qc2 c5
9.b3 Bxf3 10.Nxf3 cxd4 11.exd4 Bb4+ 12.Bd2 O-O 13.O-O Bxd2 14.Qxd2 a5 15.
c5 Qc7 16.Qc3 e5 17.dxe5 Ng4 18.Rfe1 Qxc5 19.Qxc5 Nxc5 20.Bb5 Ne6 21.h3 
Nh6 22.Red1 Rfd8 23.Rac1 Nf5 24.g3 g5 25.Bd3 Ne7 26.Nh2 Kg7 27.Ng4 Nc6 28.
Re1 a4 29.Bc2 Ncd4 30.Kg2 Rdc8 31.Ne3 Nxc2 32.Nxc2 axb3 33.axb3 d4 34.Red1
Kg6 35.Nb4 Rxc1 36.Rxc1 Kf5 37.Re1 Ra5 38.g4+ Kg6 39.Nd3 Ra3 40.Rb1 h5 41.
Kf3 h4 42.Ke4 Ra2 43.Re1 Rc2 44.b4 Rc3 45.Ra1 Nf4 46.Nxf4+ gxf4 47.Kxf4 
Rxh3 48.Rd1 Rb3 49.Rxd4 h3 50.Rd6+ Kg7 51.Rd1 Rxb4+ 52.Kg3 Rb3+ 53.f3 h2 
54.Rh1 Rb2 55.f4 b5 56.f5 b4 57.Kf3 b3 58.Re1 Rc2 59.e6 fxe6 60.fxe6 Kf8 
61.e7+ Ke8 62.g5 b2 63.g6 Rc6 64.Kg2 Rxg6+ 65.Kxh2 Rb6 66.Rb1 Kxe7 67.Kg2 
Kd6 68.Kf2 Kc5 69.Ke2 Kc4 70.Kd2 Kb3 71.Ke1 0-1

[Event "53rd World U20 ch"]
[Site "Pune IND"]
[Date "2014.10.11"]
[Round "6.59"]
[White "Abhijith, M."]
[Black "Godbole, Atharva"]
[Result "1-0"]
[WhiteElo "2126"]
[BlackElo "2009"]
[EventDate "2014.10.06"]
[PlyCount "125"]

1.e4 e5 2.Nf3 Nc6 3.Bc4 Nf6 4.O-O Nxe4 5.Nc3 Nxc3 6.dxc3 Be7 7.Qd5 O-O 8.
Nxe5 Nxe5 9.Qxe5 Bf6 10.Qg3 d5 11.Bd3 c6 12.Re1 Be6 13.Bf4 Qb6 14.Be5 Qd8 
15.Re3 g6 16.Rae1 c5 17.Bxf6 Qxf6 18.Rf3 Qg7 19.Qc7 b6 20.Ba6 Rfd8 21.h3 
Rd7 22.Qg3 Rad8 23.Rfe3 d4 24.cxd4 Rxd4 25.b3 h5 26.Bd3 Kh7 27.Rxe6 fxe6 
28.Rxe6 Rg8 29.Rxg6 Qxg6 30.Bxg6+ Rxg6 31.Qe5 h4 32.c3 Rd1+ 33.Kh2 Rd2 34.
Qe7+ Kg8 35.Qe8+ Kg7 36.Qe5+ Kh7 37.Qe7+ Kg8 38.Qxh4 Rxa2 39.Qd8+ Kh7 40.
Qe7+ Kg8 41.Qe4 Kg7 42.Qe7+ Kg8 43.Qh4 Kg7 44.g4 Rf6 45.Kg2 c4 46.bxc4 a5 
47.c5 bxc5 48.Qg5+ Rg6 49.Qxc5 a4 50.Qc4 Ra1 51.Qd4+ Kh7 52.c4 Ra2 53.c5 
a3 54.c6 Rc2 55.Qa7+ Rg7 56.Qxa3 Rxc6 57.Qd3+ Kh8 58.Kg3 Rgc7 59.f3 Rc1 
60.h4 Rg1+ 61.Kf4 Rf7+ 62.Kg5 Rg7+ 63.Kh6 1-0

[Event "53rd World U20 ch"]
[Site "Pune IND"]
[Date "2014.10.11"]
[Round "6.60"]
[White "Stamos, Filippos"]
[Black "Nazario, Marc Christian"]
[Result "0-1"]
[WhiteElo "2076"]
[BlackElo "2029"]
[EventDate "2014.10.06"]
[PlyCount "89"]

1.d4 Nf6 2.c4 d6 3.Nc3 e5 4.Nf3 exd4 5.Nxd4 Nc6 6.g3 Nxd4 7.Qxd4 Be7 8.Bg2
O-O 9.O-O a6 10.b3 Re8 11.Rd1 c6 12.Bf4 Qa5 13.a3 Be6 14.h3 Rad8 15.g4 Qc7
16.Qd3 Qc8 17.Rac1 Nd7 18.Qg3 Ne5 19.Ne4 f6 20.Be3 Nf7 21.Bb6 Rd7 22.f4 
Bd8 23.Bf2 f5 24.gxf5 Bxf5 25.Bd4 g6 26.Nf6+ Bxf6 27.Bxf6 Re6 28.Ba1 Rxe2 
29.Qc3 Qf8 30.Re1 Rde7 31.Kf1 R2e6 32.Rxe6 Rxe6 33.Re1 Rxe1+ 34.Kxe1 h5 
35.Kf2 Nd8 36.b4 Qe7 37.b5 Kf7 38.Qg7+ Ke6 39.Qd4 Kf7 40.Bc3 Ne6 41.Qb6 
axb5 42.cxb5 Nxf4 43.Bf1 Qh4+ 44.Kf3 Be4+ 45.Kxe4 0-1

[Event "53rd World U20 ch"]
[Site "Pune IND"]
[Date "2014.10.11"]
[Round "6.61"]
[White "Verhelst, Joris"]
[Black "Sammed Jaykumar, Shete"]
[Result "0-1"]
[WhiteElo "2042"]
[BlackElo "2139"]
[EventDate "2014.10.06"]
[PlyCount "70"]

1.c4 e6 2.g3 d5 3.Bg2 dxc4 4.Nf3 Nf6 5.Qc2 Be7 6.Na3 O-O 7.Nxc4 c5 8.O-O 
Nc6 9.d3 Nd5 10.a3 b6 11.Ne3 Bb7 12.Rb1 Rc8 13.Qa4 a6 14.Bd2 b5 15.Qb3 
Nxe3 16.Bxe3 c4 17.dxc4 Na5 18.Qa2 Nxc4 19.Bf4 Bd5 20.Ne5 Bxg2 21.Kxg2 
Nxe5 22.Bxe5 Rc2 23.e3 Qd3 24.Kg1 Rfc8 25.Rbd1 Qe4 26.Bd4 h5 27.Qb3 Qf3 
28.Bc3 h4 29.h3 hxg3 30.Qxc2 g2 31.Rfe1 Qxh3 32.f4 Qh1+ 33.Kf2 Bh4+ 34.Ke2
Bxe1 35.Rxe1 Qxe1+ 0-1